00379nam a2200145Ia 4500008004100000020001500041041001200056082001600068100002000084245007200104250000800176260002500184300000800209650001600217221030s9999 xx 000 0 und d a007462136X aEnglish a105.23bGot aB. S. Gottfried 0aSchaum`s Outline Series Programming With Pascalcby B. S. Gottfried a2nd bTMHaNew Delhic1997 a428 aBE Computer